000 00670nam a2200229 a 4500
005 20260322212033.0
008 data
010 _a86-018154
020 _a0070355797 (pbk.)
020 _a9780070355798 (pbk.)
040 _aDonation
090 _aQP 518.3 S3 1988
245 1 0 _aSchaum's outline of theory and problems of biochemistry/
_cPhilip W. Kuchel.
260 _aNew York
_bMcGraw-Hill
_cc1988
300 _a555 p. :
_b ill. ;
_c 28 cm.
490 0 _aSchaum's outline series.
500 _aIncludes index.
650 0 2 _aBiochemistry
_vexaminations, questions, etc.
650 0 2 _aBiochemistry
_voutlines, syllabi, etc.
700 1 _aKuchel, Philip W.
001 data
999 _c771
_d771